<?xml version="1.0" encoding="UTF-8"?>
<collection xmlns="http://www.loc.gov/MARC21/slim">
<record>
  <controlfield tag="001">7161</controlfield>
  <controlfield tag="005">20241216143741.0</controlfield>
  <datafield tag="037" ind1=" " ind2=" ">
    <subfield code="a">POSTER-2024-0102</subfield>
  </datafield>
  <datafield tag="100" ind1=" " ind2=" ">
    <subfield code="a">Martínez Picar, Antonio</subfield>
  </datafield>
  <datafield tag="245" ind1=" " ind2=" ">
    <subfield code="a">First Radio Solar Observations with SPADE</subfield>
  </datafield>
  <datafield tag="260" ind1=" " ind2=" ">
    <subfield code="c">2024</subfield>
  </datafield>
  <datafield tag="269" ind1=" " ind2=" ">
    <subfield code="c">2024-11-04</subfield>
  </datafield>
  <datafield tag="520" ind1=" " ind2=" ">
    <subfield code="a">The Small Phased Array Demonstrator is a radio-telescope developed by the Solar Influences Data analysis Center of the Royal Observatory of Belgium aimed to monitor solar activity in the range of 20 to 80 MHz. Beamforming is accomplished with software-defined radio technology to operate a total of eight array element antennas. First observations show promising results to contribute in understanding the radio solar activity.</subfield>
  </datafield>
  <datafield tag="536" ind1=" " ind2=" ">
    <subfield code="a">2STCE_SUNTECH/</subfield>
    <subfield code="c">2STCE_SUNTECH/</subfield>
    <subfield code="f">2STCE_SUNTECH</subfield>
  </datafield>
  <datafield tag="594" ind1=" " ind2=" ">
    <subfield code="a">STCE</subfield>
  </datafield>
  <datafield tag="700" ind1=" " ind2=" ">
    <subfield code="a">Marqué, Christophe</subfield>
  </datafield>
  <datafield tag="773" ind1=" " ind2=" ">
    <subfield code="t">European Space Weather Week 2024 - Coimbra, Portugal</subfield>
  </datafield>
  <datafield tag="856" ind1="0" ind2=" ">
    <subfield code="f">antonio.martinez@ksb-orb.be</subfield>
  </datafield>
  <datafield tag="856" ind1="4" ind2="2">
    <subfield code="a">https://esww2024.org/</subfield>
  </datafield>
  <datafield tag="856" ind1="4" ind2=" ">
    <subfield code="s">4843371</subfield>
    <subfield code="u">http://publi2-as.oma.be/record/7161/files/2024 ESSW - SPADE poster.pdf</subfield>
    <subfield code="y">Poster</subfield>
  </datafield>
  <datafield tag="856" ind1="4" ind2=" ">
    <subfield code="s">22325</subfield>
    <subfield code="u">http://publi2-as.oma.be/record/7161/files/2024 ESSW - SPADE poster.gif?subformat=icon</subfield>
    <subfield code="x">icon</subfield>
    <subfield code="y">Poster</subfield>
  </datafield>
  <datafield tag="856" ind1="4" ind2=" ">
    <subfield code="s">22892</subfield>
    <subfield code="u">http://publi2-as.oma.be/record/7161/files/2024 ESSW - SPADE poster.jpg?subformat=icon-180</subfield>
    <subfield code="x">icon-180</subfield>
    <subfield code="y">Poster</subfield>
  </datafield>
  <datafield tag="980" ind1=" " ind2=" ">
    <subfield code="a">CPOSTER</subfield>
  </datafield>
</record>
</collection>